El derecho de la información (Record no. 59938)

MARC details
000 -LEADER
fixed length control field 00708nam a22001937a 4500
005 - DATE AND TIME OF LATEST TRANSACTION
control field 20230327121537.0
008 - FIXED-LENGTH DATA ELEMENTS--GENERAL INFORMATION
fixed length control field 230127b sp ||||| |||| 00| 0 spa d
050 04 - LIBRARY OF CONGRESS CALL NUMBER
Classification number KKT2476
Item number D47 2001
245 03 - TITLE STATEMENT
Title El derecho de la información
Statement of responsibility, etc / Pedro J. Tenorio Sánchez, Carmen Fernández Miranda coodinador.
250 ## - EDITION STATEMENT
Edition statement 1a ed.
260 ## - PUBLICATION, DISTRIBUTION, ETC. (IMPRINT)
Place of publication, distribution, etc Madrid :
Name of publisher, distributor, etc Universidad Nacional de Educación a Distancia,
Date of publication, distribution, etc 2001
300 ## - PHYSICAL DESCRIPTION
Extent 382 p. ;
Dimensions 24 cm.
490 0# - SERIES STATEMENT
Series statement Estudios de la UNED
504 ## - BIBLIOGRAPHY, ETC. NOTE
Bibliography, etc Incluye bibliografía
650 #7 - SUBJECT ADDED ENTRY--TOPICAL TERM
Source of heading or term lemb
Topical term or geographic name as entry element Libertad de información
Form subdivision Congresos y conferencias
700 1# - ADDED ENTRY--PERSONAL NAME
Personal name Tenorio Sánchez, Pedro J.,
Relator term coordinador
700 1# - ADDED ENTRY--PERSONAL NAME
Personal name Fernández Miranda, Carmen,
Relator term coordinador
942 ## - ADDED ENTRY ELEMENTS (KOHA)
Source of classification or shelving scheme Biblioteca del Cogreso de los Estados Unidos
Koha item type Libro
Holdings
Estado de pérdida Fuente de clasificación Estado del daño No para préstamo Ubicación permanente Ubicación actual Apartado o colección Fecha de adquisición Fuente de adquisición Edición Área del conocimiento Total Checkouts Clasificación Código de Barras Date last seen Número de copia Costo por reposición Tipo de recurso
  Biblioteca del Cogreso de los Estados Unidos     Biblioteca del Posgrado en Derecho Biblioteca del Posgrado en Derecho Colección Ernesto Villanueva 27/03/2023 Donación 1a ed. Ciencias Sociales y Administrativas   KKT2476 D47 2001 BPD000001894 27/03/2023 1 1.00 Libro